Online
Catalog

Las relaciones entre América Latina, Estados Unidos y Europa Occidental / (Record no. 23031)

MARC details
000 -CABECERA
campo de control de longitud fija 00855nam a2200217 a 4500
001 - NÚMERO DE CONTROL
campo de control 000023535
005 - FECHA Y HORA DE LA ÚLTIMA TRANSACCIÓN
campo de control 20200930022305.0
008 - DATOS DE LONGITUD FIJA--INFORMACIÓN GENERAL
campo de control de longitud fija 101210s1979 cl a r 000 0 spa d
040 ## - FUENTE DE LA CATALOGACIÓN
Centro catalogador/agencia de origen DO-SdBNP
Lengua de catalogación spa
Centro/agencia transcriptor BNPHU
082 ## - NÚMERO DE LA CLASIFICACIÓN DECIMAL DEWEY
Número de clasificación xxxx
Número de documento/Ítem R382e
049 ## - FONDOS LOCALES (OCLC)
Fondos de biblioteca BNGR
245 04 - MENCIÓN DE TÍTULO
Título Las relaciones entre América Latina, Estados Unidos y Europa Occidental /
Mención de responsabilidad, etc. Edición Gustavo Lagos Matus ; colaboración Rebeca Bordeu S.
260 ## - PUBLICACIÓN, DISTRIBUCIÓN, ETC.
Lugar de publicación, distribución, etc. Santiago, Chile :
Nombre del editor, distribuidor, etc. Instituto de Estudios Internacionales de la Universidad de Chile,
Fecha de publicación, distribución, etc. 1979.
300 ## - DESCRIPCIÓN FÍSICA
Extensión 173 p. :
Otras características físicas il. ;
Dimensiones 23 cm.
490 1# - MENCIÓN DE SERIE
Mención de serie Estudios Internacionales
504 ## - NOTA DE BIBLIOGRAFÍA, ETC.
Nota de bibliografía, etc. Incluye referencias bibliográficas y notas al pie de las páginas.
700 1# - PUNTO DE ACCESO ADICIONAL--NOMBRE DE PERSONA
Nombre de persona Lagos Matus, Gustavo,
Término indicativo de función/relación ed.
9 (RLIN) 48512
700 1# - PUNTO DE ACCESO ADICIONAL--NOMBRE DE PERSONA
Nombre de persona Bordeu S., Rebeca
9 (RLIN) 48513
710 1# - PUNTO DE ACCESO ADICIONAL--NOMBRE DE ENTIDAD CORPORATIVA
Nombre de entidad corporativa o nombre de jurisdicción como elemento de entrada The Tinker Fundation
9 (RLIN) 48514
830 #0 - PUNTO DE ACCESO ADICIONAL DE SERIE-TÍTULO UNIFORME
Título uniforme Estudios Internacionales
9 (RLIN) 48515
Holdings
Estado de retiro Estado de pérdida Restricciones de uso No para préstamo Código de colección Localización permanente Ubicación/localización actual Ubicación en estantería Fecha de adquisición Número de inventario Total de préstamos Signatura topográfica completa Código de barras Fecha visto por última vez Precio válido a partir de Tipo de ítem Koha
        Monografías: Libros y Folletos General General En catalogación 10.12.2010 LF1   xxxx R382e 23535-10 25.06.2020 25.06.2020 Préstamo en sala

Powered by Koha